000 01337nam0a22003131 4500
001 rc\3439264
005 20250610004011.0
021 _aRU
_b[69-49750ж]
035 _a(NLR Aleph) 007589400
090 _a5594727
_c5594727
100 _a20130115d1969 |||y0rusy50 ca
101 0 _arus
102 _aRU
105 _aab z |||||
200 1 _aГеографические особенности освоения таежных районов Западно-Сибирской низменности
210 _aИркутск
_cБ. и.
_d1969
215 _a272 с.
_cсхем., карт.
_d21
225 1 _aАН СССР. Сибирское отделение. Институт географии Сибири и Дальнего Востока. [Материалы Обь-Иртышской экспедиции
_vВып. 1]
300 _aНа 4-й с. авт.: П.В. Васнев, Н.П. Каючкин, Г.М. Сергеев и др.
320 _aБиблиогр.: с. 263-269
607 _aЗападно-Сибирская низменность
_xГеография
_jСборники
_2psbo
701 1 _aКанючин
_bН.П.
701 1 _aВасиев
_bП.В.
701 1 _aСергеев
_bГ.М.
801 0 _aRU
_bNLR
_gpsbo
801 1 _aRU
_bELAR
_2rusmarc
852 _aNLR
_jП51/1349
942 _cBOOK
980 _aNB